Catalog

Record Details

Catalog Search



Přehled andragogiky : úvod do studia vzdělávání a učení se dospělých  Cover Image Book Book

Přehled andragogiky : úvod do studia vzdělávání a učení se dospělých / Jaroslav Veteška

Record details

  • ISBN: 978-80-262-1026-9
  • Physical Description: 319 stran : ilustrace ; 22 cm
  • Edition: Vydání první
  • Publisher: Praha : Portál, 2016

Content descriptions

Bibliography, etc. Note:
Obsahuje bibliografie, bibliografické odkazy a rejstříky
Language Note:
Anglické resumé
Subject: andragogika
vzdělávání dospělých
celoživotní vzdělávání
andragogy
adult learning
permanent education
Genre: monografie
monographs

Available copies

  • 1 of 2 copies available at Common Catalog SPOK.

Holds

  • 0 current holds with 2 total copies.
Show All Copies
Location Call Number / Copy Notes Barcode Shelving Location Status Due Date
Jabok Library Ped-3.8 424480040202 Odborná literatura Available -

LDR 01560nam a2200457 i 4500
00124127
003CZ-PrJAB
00520160801074223.0
007ta
008160413s2016 xr a f 001 0 cze
015 . ‡acnb002781675
020 . ‡a978-80-262-1026-9 ‡q(vázáno)
035 . ‡a(CZ PrNK)nkc20162781675
040 . ‡aABA001 ‡bcze ‡dOLA001 ‡erda
0410 . ‡acze ‡beng
072 7. ‡a37 ‡xVýchova a vzdělávání ‡2Konspekt ‡922
080 . ‡a37.013.83 ‡2MRF
080 . ‡a374.7 ‡2MRF
080 . ‡a37.0-022.324 ‡2MRF
080 . ‡a(048.8) ‡2MRF
1001 . ‡aVeteška, Jaroslav, ‡d1973- ‡7xx0022822 ‡4aut
24510. ‡aPřehled andragogiky : ‡búvod do studia vzdělávání a učení se dospělých / ‡cJaroslav Veteška
24630. ‡aÚvod do studia vzdělávání a učení se dospělých
250 . ‡aVydání první
264 1. ‡aPraha : ‡bPortál, ‡c2016
300 . ‡a319 stran : ‡bilustrace ; ‡c22 cm
336 . ‡atext ‡btxt ‡2rdacontent
337 . ‡abez média ‡bn ‡2rdamedia
338 . ‡asvazek ‡bnc ‡2rdacarrier
504 . ‡aObsahuje bibliografie, bibliografické odkazy a rejstříky
546 . ‡aAnglické resumé
65007. ‡aandragogika ‡7ph114043 ‡2czenas
65007. ‡avzdělávání dospělých ‡7ph162891 ‡2czenas
65007. ‡aceloživotní vzdělávání ‡7ph119091 ‡2czenas
65009. ‡aandragogy ‡2eczenas
65009. ‡aadult learning ‡2eczenas
65009. ‡apermanent education ‡2eczenas
655 7. ‡amonografie ‡7fd132842 ‡2czenas
655 9. ‡amonographs ‡2eczenas
910 . ‡aABG312
901 . ‡a24127 ‡b ‡c24127 ‡tbiblio

Additional Resources